000 00914nam a2200241 a 4500
001 000022654
005 20200930021724.0
008 101014s1997 es 001 0 spa d
020 _a8423988074
040 _aDO-SdBNP
_bspa
_cBNPHU
082 _axxxx
_bG599
100 1 _aGoethe, Johonn W.
_d1749 -1832
_946615
245 1 0 _aFausto ;
_bLas cuitas de Werther ; Las afinidades electivas ; Hermann y Dortea ; Campaña de Francia. Intermedio. Cerco de Maguncia /
_cJohann wolfgang Goethe.
260 _aMadrid, :
_bEditorial Espasa Calpe,
_c1997.
_fHuertas
300 _a696 p. ;
_c22 cm.
490 1 _aAntología de la literatura universal
563 _aVarias obras empaginadas en páginas continuas
740 2 _aLas afinidades electivas
740 2 _aHermann y Dortea
740 2 _ampaña de Francia. Intermedio. Cerco de Maguncia
830 0 _aAntología de la literatura universa
_946616
049 _aBNPD
999 _c22151
_d22151